000 00582cam a22001933a 4500
001 38799
003 PGUSA
005 20140828083844.0
008 120209s2012||||xxu|||||s|||||000 | eng d
040 _aPGUSA
_beng
042 _adc
245 1 0 _aEncyclopaedia Britannica, 11th Edition, Volume 7, Slice 9 :
_b"Dagupan" to "David"
_h[electronic resource] /
_cVarious
260 _bProject Gutenberg,
_c2012
506 _aPublic domain in the USA.
516 _aElectronic text
830 0 _aProject Gutenberg
_v38799
856 4 0 _uhttp://www.gutenberg.org/ebooks/38799
942 _cEB
999 _c268053
_d268053